[Event "2.BLS 0506 Bayern München - SC HP Böbli"]
[Site "?"]
[Date "2006.04.02"]
[Round "9.7"]
[White "Boehm, Martin"]
[Black "Deglmann, Ludwig"]
[Result "0-1"]
[WhiteElo "2254"]
[BlackElo "2378"]
[PlyCount "76"]
[EventDate "2006.??.??"]

1. c4 f5 2. Nc3 Nf6 3. g3 g6 4. Bg2 Bg7 5. d4 O-O 6. Nh3 d6 7. d5 c6 8. Nf4 e5
9. dxe6 Qe7 10. h4 Bxe6 11. Nxe6 Qxe6 12. O-O Na6 13. Bf4 Rad8 14. Qa4 Nc5 15.
Qxa7 Qxc4 16. Rac1 Qe6 17. Rfd1 Nh5 18. Bxd6 Rxd6 19. Qxc5 Rxd1+ 20. Rxd1 f4
21. Rd6 Qe5 22. Qxe5 Bxe5 23. Rd7 fxg3 24. fxg3 Bxg3 25. Rxb7 Bf2+ 26. Kh2 Bg3+
27. Kh3 Be5 28. Bxc6 Rf2 29. Ne4 Rxe2 30. Ng5 Nf6 31. Nf3 Bf4 32. Rb4 Bc7 33.
Rb7 Bd6 34. Bb5 Rf2 35. Bc6 h6 36. Rb3 g5 37. hxg5 hxg5 38. Rd3 Bf4 {Zeit} 0-1

[Event "2.BLS 0506 Bayern München - SC HP Böbli"]
[Site "?"]
[Date "2006.04.02"]
[Round "9.8"]
[White "Unzicker, Ferdinand Dr"]
[Black "Heinl, Thomas"]
[Result "1-0"]
[WhiteElo "2256"]
[BlackElo "2248"]
[PlyCount "65"]
[EventDate "2006.??.??"]

1. d4 g6 2. c4 Bg7 3. Nc3 d6 4. e4 Nf6 5. f3 O-O 6. Be3 c6 7. Qd2 a6 8. O-O-O
b5 9. Bh6 Qa5 10. h4 Nbd7 11. Bxg7 Kxg7 12. h5 b4 13. Nb1 e5 14. hxg6 fxg6 15.
Qh6+ Kg8 16. c5 d5 17. exd5 cxd5 18. Bd3 exd4 19. Bxg6 Qxc5+ 20. Bc2 Ne5 21.
Qg5+ Ng6 22. Rxh7 Qxc2+ 23. Kxc2 Kxh7 24. Ne2 Ng8 25. Nxd4 Bd7 26. Nd2 Rad8 27.
Nf1 Rde8 28. Qxd5 Rd8 29. Qh5+ Nh6 30. Ng3 Nf4 31. Qg5 Nd5 32. Rh1 Rf6 33.
Rxh6+ 1-0

[Event "2.BLS 0506 SG Turm Trier - SC Bann"]
[Site "?"]
[Date "2006.04.02"]
[Round "9.1"]
[White "Stocek, Jiri"]
[Black "Cyborowski, Lukasz"]
[Result "1-0"]
[WhiteElo "2580"]
[BlackElo "2537"]
[PlyCount "85"]
[EventDate "2006.??.??"]

1. d4 Nf6 2. c4 e6 3. Nf3 d5 4. Nc3 c5 5. cxd5 Nxd5 6. e4 Nxc3 7. bxc3 cxd4 8.
cxd4 Bb4+ 9. Bd2 Bxd2+ 10. Qxd2 O-O 11. Rd1 Nd7 12. Bd3 b6 13. O-O Bb7 14. Rfe1
Rc8 15. h3 Qe7 16. a4 Rfd8 17. a5 Nf6 18. axb6 axb6 19. Rb1 Qc7 20. Rec1 Qe7
21. Re1 Qc7 22. Rec1 Qe7 23. Rxc8 Rxc8 24. Qf4 Qa3 25. Rxb6 Qxd3 26. Rxb7 Qxe4
27. Qc7 Rf8 28. Rb8 Ne8 29. Qd7 Nf6 30. Qc7 Ne8 31. Qe7 Qc6 32. g3 Qc1+ 33. Kg2
Qc6 34. Kg1 Qc1+ 35. Kg2 Qc6 36. h4 h5 37. d5 exd5 38. Ne5 Qe6 39. Qxe6 fxe6
40. Nd7 e5 41. Nxf8 Kxf8 42. Rd8 d4 43. Rd5 1-0

[Event "2.BLS 0506 SG Turm Trier - SC Bann"]
[Site "?"]
[Date "2006.04.02"]
[Round "9.2"]
[White "Jaracz, Pawel"]
[Black "Slobodjan, Roman"]
[Result "1/2-1/2"]
[WhiteElo "2492"]
[BlackElo "2526"]
[PlyCount "35"]
[EventDate "2006.??.??"]

1. d4 Nf6 2. c4 e6 3. Nf3 Bb4+ 4. Bd2 Bxd2+ 5. Qxd2 d6 6. Nc3 Nc6 7. g3 e5 8.
Bg2 O-O 9. O-O h6 10. d5 Ne7 11. e4 Nh7 12. Ne1 f5 13. Nd3 Ng6 14. exf5 Bxf5
15. f4 exf4 16. Nxf4 Nxf4 17. Rxf4 Bd7 18. Rxf8+ {(=)} 1/2-1/2

[Event "2.BLS 0506 SG Turm Trier - SC Bann"]
[Site "?"]
[Date "2006.04.02"]
[Round "9.3"]
[White "Dolezal, Radoslav"]
[Black "Flumbort, Andras"]
[Result "1-0"]
[WhiteElo "2387"]
[BlackElo "2448"]
[PlyCount "123"]
[EventDate "2006.??.??"]

1. d4 Nf6 2. Nf3 g6 3. c4 Bg7 4. g3 d5 5. cxd5 Nxd5 6. Bg2 Nb6 7. O-O Nc6 8. e3
O-O 9. Nc3 Re8 10. b3 e5 11. dxe5 Qxd1 12. Rxd1 Nxe5 13. Nxe5 Bxe5 14. Bb2 c6
15. Rd2 Be6 16. Ne4 Bd5 17. Bxe5 Bxe4 18. Bxe4 Rxe5 19. Bf3 a5 20. Rad1 Kf8 21.
Rd8+ Re8 22. R8d4 Re7 23. Kf1 h5 24. h4 Re5 25. Rf4 Ke7 26. Rd2 Nd7 27. Rfd4
Nc5 28. Bg2 Ke8 29. Rc4 Nd7 30. Ke2 Re7 31. f4 Kd8 32. e4 Kc7 33. Kf3 Rae8 34.
Bh3 Nf6 35. e5 Nh7 36. Rcd4 f5 37. Rd6 Nf8 38. Bf1 Rd7 39. Rxd7+ Nxd7 40. Rd6
Rg8 41. Re6 Kd8 42. Ke3 Nc5 43. Rd6+ Ke7 44. Bc4 Rg7 45. a3 Ne4 46. Rd1 Ke8 47.
Re1 b6 48. Be2 Rc7 49. Bf3 Nc5 50. b4 axb4 51. axb4 Na6 52. Bxc6+ Ke7 53. b5
Nc5 54. Ra1 Ne4 55. Ra6 Nxg3 56. Rxb6 Nf1+ 57. Kd4 Nd2 58. Bd5 Rd7 59. Re6+ Kd8
60. Rd6 Rxd6 61. exd6 Kd7 62. Ke5 1-0

[Event "2.BLS 0506 SG Turm Trier - SC Bann"]
[Site "?"]
[Date "2006.04.02"]
[Round "9.4"]
[White "Seger, Ruediger"]
[Black "Nun, Jiri"]
[Result "1/2-1/2"]
[WhiteElo "2413"]
[BlackElo "2376"]
[PlyCount "135"]
[EventDate "2006.??.??"]

1. e4 c5 2. c3 Nf6 3. e5 Nd5 4. Nf3 Nc6 5. Bc4 Nc7 6. d4 cxd4 7. cxd4 d5 8.
exd6 exd6 9. h3 Be7 10. Nc3 O-O 11. O-O Bf5 12. Re1 d5 13. Bb3 Bb4 14. Bd2 Bxc3
15. Bxc3 Rc8 16. Qd2 Re8 17. Rxe8+ Nxe8 18. Ne5 f6 19. Ng4 Qd7 20. Qf4 Ne7 21.
Re1 Ng6 22. Qf3 Nc7 23. Ne3 Be6 24. Bb4 Rd8 25. g3 Nb5 26. Rd1 Nc7 27. h4 Ne7
28. Bxe7 Qxe7 29. Rc1 Qd7 30. Qf4 Ne8 31. Rc5 b6 32. Rc3 g6 33. Qf3 f5 34. Qf4
Qf7 35. Qe5 Nf6 36. Rc7 Rd7 37. Rxd7 Nxd7 38. Qxe6 Qxe6 39. Bxd5 Kf7 40. Kf1
Nf6 41. Bxe6+ Kxe6 42. Ke2 Ne4 43. Nf1 h6 44. f3 Nf6 45. Ne3 g5 46. hxg5 hxg5
47. a4 f4 48. gxf4 gxf4 49. Ng4 Nh7 50. Kd3 Ng5 51. Ne5 a6 52. Kc4 Kd6 53. Ng6
Ne6 54. Kd3 Kd5 55. b4 a5 56. bxa5 bxa5 57. Ne7+ Kd6 58. Nc8+ Kc7 59. Na7 Ng5
60. Nb5+ Kc6 61. Nc3 Nxf3 62. Ke4 Nd2+ 63. Kxf4 Nc4 64. Ke4 Kd6 65. Nb5+ Kc6
66. Nc3 Kd6 67. Kd3 Nb2+ 68. Ke4 1/2-1/2

[Event "2.BLS 0506 SG Turm Trier - SC Bann"]
[Site "?"]
[Date "2006.04.02"]
[Round "9.5"]
[White "Muraniy, Karl-Jasmin"]
[Black "Galyas, Miklos"]
[Result "1/2-1/2"]
[WhiteElo "2359"]
[BlackElo "2424"]
[PlyCount "80"]
[EventDate "2006.??.??"]

1. d4 Nf6 2. c4 g6 3. Nc3 Bg7 4. e4 d6 5. Bd3 O-O 6. Nge2 Nc6 7. f3 e5 8. d5
Nd4 9. Bg5 c5 10. Qd2 h6 11. Be3 a6 12. O-O Kh7 13. Rab1 Nd7 14. Kh1 Rb8 15.
Bg1 b5 16. cxb5 axb5 17. Nxd4 exd4 18. Nxb5 Ne5 19. Na3 Nxd3 20. Qxd3 Qa5 21.
Rfc1 Ba6 22. Qd1 d3 23. Nc4 Qxa2 24. Qxd3 Rb4 25. b3 Rfb8 26. Qd2 Qxd2 27. Nxd2
Bd3 28. Ra1 Bxa1 29. Rxa1 R4b7 30. h4 Re8 31. Bh2 Rd7 32. Nc4 Bxc4 33. bxc4 f5
34. exf5 gxf5 35. Bf4 Re2 36. h5 Rc2 37. Ra4 Rb2 38. Ra1 Rc2 39. Ra4 Rb2 40.
Ra1 Rc2 1/2-1/2

[Event "2.BLS 0506 SG Turm Trier - SC Bann"]
[Site "?"]
[Date "2006.04.02"]
[Round "9.6"]
[White "Cioara, Andrei Nestor"]
[Black "Baerwinkel, Tobias"]
[Result "1-0"]
[WhiteElo "2436"]
[BlackElo "2266"]
[PlyCount "67"]
[EventDate "2006.??.??"]

1. d4 e6 2. c4 Nf6 3. g3 Bb4+ 4. Bd2 Qe7 5. Nc3 Nc6 6. Nf3 e5 7. dxe5 Nxe5 8.
Nxe5 Qxe5 9. Bg2 O-O 10. a3 Bc5 11. Bf4 Qh5 12. b4 Be7 13. Bxc7 a5 14. Bxa5 Qe5
15. Nb5 Ra6 16. Bc7 Bxb4+ 17. Kf1 d6 18. Qd4 Qxd4 19. Nxd4 Re8 20. e3 Ne4 21.
Nb5 Bc5 22. Ke2 Bd7 23. Rhd1 h6 24. a4 Raa8 {(=)} 25. Bxd6 Nxd6 26. Nxd6 Bg4+
27. Bf3 Be6 28. Bxb7 Rab8 29. Nxe8 Rxb7 30. Nd6 Bg4+ 31. f3 Rb2+ 32. Rd2 Bxf3+
33. Kxf3 Rxd2 34. Ne4 1-0

[Event "2.BLS 0506 SG Turm Trier - SC Bann"]
[Site "?"]
[Date "2006.04.02"]
[Round "9.7"]
[White "Mozny, Mylos"]
[Black "Kolbus, Dietmar"]
[Result "1/2-1/2"]
[WhiteElo "2364"]
[BlackElo "2413"]
[PlyCount "57"]
[EventDate "2006.??.??"]

1. d4 Nf6 2. c4 g6 3. g3 Bg7 4. Bg2 d5 5. cxd5 Nxd5 6. e4 Nb6 7. Ne2 e5 8. d5
O-O 9. Nbc3 c6 10. O-O cxd5 11. exd5 Nc4 12. b3 Nd6 13. a4 Re8 14. Ba3 Bf8 15.
Re1 Nd7 16. Nb5 Nf6 17. Rc1 Nxb5 18. Bxf8 Kxf8 19. axb5 Qd6 20. Nc3 Bd7 21. Qd2
Kg7 22. Re3 a6 23. bxa6 Rxa6 24. Rce1 Rb6 25. Qb2 Qb4 26. Rxe5 Rxe5 27. Rxe5
Qxb3 28. Qd2 Qb2 29. Qxb2 1/2-1/2

[Event "2.BLS 0506 SG Turm Trier - SC Bann"]
[Site "?"]
[Date "2006.04.02"]
[Round "9.8"]
[White "Niklasch, Oliver"]
[Black "Cernousek, Lukas"]
[Result "1-0"]
[WhiteElo "2405"]
[BlackElo "2379"]
[PlyCount "57"]
[EventDate "2006.??.??"]

1. c4 Nf6 2. Nc3 d5 3. cxd5 Nxd5 4. d4 g6 5. e4 Nxc3 6. bxc3 Bg7 7. Bc4 Nc6 8.
Ne2 e5 9. Ba3 Na5 10. Bd3 b6 11. O-O Be6 12. d5 Bd7 13. f4 exf4 14. Rxf4 Be5
15. Qf1 f6 16. Nd4 c5 17. dxc6 Nxc6 18. Rd1 Bxf4 19. Qxf4 Ne5 20. Qh6 Kf7 21.
Bc2 Rc8 22. Bb3+ Nc4 23. e5 Qg8 24. e6+ Bxe6 25. Nxe6 g5 26. Nd8+ Ke8 27. Qh5+
Qg6 28. Qe2+ Ne5 29. Ba4+ 1-0